00654nam a2200169Ia 4500008004100000040003800041041000800079084001100087100003400098245010500132260002900237300002700266336002900293337003300322338002800355502010100383250926t2014||||xx |||||||||||||| ||spa|| agtgcuscobspacgtgcuscodgtgcusco aspa aEPS395 aSosa Rosales, María Reneé 0aInforme final de EPS realizado en Misión de Niños Los Brazos de Jesús, Parramos Chimaltenango. aGuatemala :bUSAC,c2014 a82 p. :bil. :c27 cm. atextobtxt2rdacontenido aSin mediaciónbn2rdamedio avolumenbnc2rdasoporte aEPS (Cirujano Dentista) -- Universidad de San Carlos de Guatemala, Facultad de Odontología. --